Fueros locales en el territorio de la provincia de Burgos
Gespeichert in:
| 1. Verfasser: | |
|---|---|
| Format: | Buch |
| Sprache: | Spanisch |
| Veröffentlicht: |
Burgos
Caja de Ahorros Municipal de Burgos
1982
|
| Schriftenreihe: | Biblioteca Universitaria Burgalesa
|
| Schlagworte: | |
| Tags: |
Tag hinzufügen
Keine Tags, Fügen Sie den ersten Tag hinzu!
|
MARC
| LEADER | 00000nam a2200000 a 4500 | ||
|---|---|---|---|
| 001 | UCV2144 | ||
| 003 | CL-VaPUC | ||
| 008 | 911114e19820000SP |||||||||||||||||spa|d | ||
| 082 | 0 | 4 | |a 349.46 |b MAR |2 21 |
| 100 | |a Martínez Diez, Gonzalo |e autor |9 296393 | ||
| 245 | 1 | 0 | |a Fueros locales en el territorio de la provincia de Burgos |
| 300 | |a 231 p | ||
| 942 | |c BK | ||
| 945 | |d 19911114 00:00:00 | ||
| 260 | |a Burgos |b Caja de Ahorros Municipal de Burgos |c 1982 | ||
| 650 | 7 | |a FUEROS |2 CL-VaPUC |9 255290 | |
| 651 | 0 | |a España |9 254926 | |
| 583 | |a last modification |c 19911114 00:00:00 |k Rodrigo Vera | ||
| 490 | 0 | |a Biblioteca Universitaria Burgalesa | |
| 999 | |c 209827 |d 209825 | ||
| 952 | |0 0 |1 0 |4 0 |6 349_460000000000000_MAR_1982 |7 0 |8 DER_HIS |9 185626 |a BIBDER |b BIBDER |d 2019-11-14 |i 2530678 |o 349.46 MAR 1982 |p 2530678 |r 2023-01-25 |w 2019-11-14 |x Ubicación 4to Piso |y BK |z Estos recursos deben solicitarse con anticipación |k DER | ||
| 952 | |0 0 |1 0 |4 0 |6 349_460000000000000_MAR_1982 |7 0 |8 A |9 185627 |a BIBDER |b BIBDER |d 2019-11-14 |i 3519317 |o 349.46 MAR 1982 |p 3519317 |r 2019-11-14 |w 2019-11-14 |y BK |k DER | ||